000 01145cam a22001934a 4500
005 20250605164018.0
008 250528s ||||||||||||||||||||||||d
035 _a16218
020 _a226039196
040 _aGR-AtMCL
_bgre
_dGR-AtMCL
_eAACR2
245 1 _aRadar Observation of the Atmosphere / A Revised and Enlarged edition of Radar Meteorology
260 _bThe University Of Chicago Press,
_c1973
300 _a328
520 _aThis book is designed as a review text for advanced undergraduate or graduate students of Meteorology. Preface, Principles of Radar, Some Properties of Electromagnetic Waves, Propagation of Electromagnetic Waves, Radar Detention of Spherical Particles, Backscattering by Melting Spheres and Non Spherical Particles, Attenuation, Use of Radar for Precipitation Measurements, Pulsed Doppler Radar, Distortion of Echoes Resulting from Finite Pulse Length and Beam Widths, Use of Radar in Cloud Physics Research, Radar Observations of Medium and Large Scale Systems, Clear-Air Echoes, Appendix, References, Index.
700 1 _aBattan Louis J.
_92298
942 _cBK
999 _c1746
_d1746